STN EN ISO 15681-2 (75 7481) Kvalita vody : stanovenie ortofosforečnanov a celkového obsahu fosforu prietokovou analýzou (FIA a CFA). Časť 2., Metóda kontinuálnej prietokovej analýzy (CFA) (ISO 15681-2: 2003)
Uložené v:
| Médium: | Kniha |
|---|---|
| Jazyk: | Slovak |
| Vydané: |
Bratislava :
Slovenský ústav technickej normalizácie,
2005
|
| Fyzický popis: |
20 s. |
| Tagy: |
Pridať tag
Žiadne tagy, Buďte prvý kto otaguje tento záznam!
|
Titul je dostupný aj v ... 

MARC
| LEADER | 00000nam a2200000 a 4500 | ||
|---|---|---|---|
| 001 | 000329621 | ||
| 005 | 20051214103924.0 | ||
| 008 | 051214s2005 e sloo | ||
| 040 | |a KE001 |b slo | ||
| 084 | |a 13.060.50 | ||
| 245 | 0 | 0 | |a STN EN ISO 15681-2 (75 7481) Kvalita vody : |b stanovenie ortofosforečnanov a celkového obsahu fosforu prietokovou analýzou (FIA a CFA). |n Časť 2., |p Metóda kontinuálnej prietokovej analýzy (CFA) (ISO 15681-2: 2003) |
| 246 | 3 | 0 | |a Metóda kontinuálnej prietokovej analýzy (CFA) (ISO 15681-2: 2003) |
| 260 | |a Bratislava : |b Slovenský ústav technickej normalizácie, |c 2005 | ||
| 300 | |a 20 s. | ||
| 500 | |a cen. sk. 11 | ||
| 850 | |a KE001 | ||
| 998 | |a NO | ||
| 920 | |a december 2005 | ||
| 090 | |g SCKHL |k Normy Pribinova 1 |a STN EN ISO 15681-2 |j 903 |i I3389 |s Normy-prez. | ||